[Event "ODJM C 2024"]
[Site "Willingen GER"]
[Date "2024.05.25"]
[Round "9"]
[White "Lohrmann, Flavia"]
[Black "Muhl, Jakob"]
[Result "0-1"]
[Termination "normal"]
[Board "35"]
[WhiteElo "1455"]
[BlackElo "1043"]
[WhiteClock "00:54:49"]
[BlackClock "00:57:51"]
[PlyCount "98"]
[WhiteFideId "12982865"]
[BlackFideId "34635181"]
[EventCountry "GER"]
[EventRounds "9"]
[EventType "swiss"]
[EventDate "2024.05.18"]

1. e4 {[%clk 01:30:59]} e5 {[%clk 01:30:53]} {[%emt 00:00:07]} 2. Nf3 {[%clk
01:31:24]} {[%emt 00:00:05]} Nc6 {[%clk 01:31:16]} {[%emt 00:00:07]} 3. Bc4
{[%clk 01:31:43]} {[%emt 00:00:11]} Nf6 {[%clk 01:31:31]} {[%emt 00:00:15]} 4.
d4 {[%clk 01:32:02]} {[%emt 00:00:10]} exd4 {[%clk 01:31:32]} {[%emt 00:00:30]}
5. e5 {[%clk 01:32:18]} {[%emt 00:00:13]} Ng4 {[%clk 01:30:42]} {[%emt
00:01:21]} 6. O-O {[%clk 01:31:34]} {[%emt 00:01:14]} Ngxe5 {[%clk 01:30:11]}
{[%emt 00:01:01]} 7. Nxe5 {[%clk 01:30:42]} {[%emt 00:01:23]} Nxe5 {[%clk
01:30:13]} {[%emt 00:00:27]} 8. Qxd4 {[%clk 01:31:00]} {[%emt 00:00:12]} Nxc4
{[%clk 01:29:18]} {[%emt 00:01:25]} 9. Qxc4 {[%clk 01:31:20]} {[%emt 00:00:10]}
d5 {[%clk 01:28:45]} {[%emt 00:01:04]} 10. Qb5+ {[%clk 01:28:00]} {[%emt
00:03:49]} c6 {[%clk 01:27:43]} {[%emt 00:01:31]} 11. Qd3 {[%clk 01:28:02]}
{[%emt 00:00:28]} Bd6 {[%clk 01:26:16]} {[%emt 00:01:57]} 12. Nd2 {[%clk
01:27:04]} {[%emt 00:01:30]} O-O {[%clk 01:25:39]} {[%emt 00:01:07]} 13. Nf3
{[%clk 01:26:49]} {[%emt 00:00:44]} Qf6 {[%clk 01:21:40]} {[%emt 00:04:29]} 14.
Re1 {[%clk 01:22:27]} {[%emt 00:04:52]} Bf5 {[%clk 01:21:01]} {[%emt 00:01:09]}
15. Bg5 {[%clk 01:20:54]} {[%emt 00:02:02]} Bxd3 {[%clk 01:19:05]} {[%emt
00:02:27]} 16. Bxf6 {[%clk 01:20:28]} {[%emt 00:00:57]} Bxc2 {[%clk 01:17:36]}
{[%emt 00:01:58]} 17. Nd4 {[%clk 01:16:22]} {[%emt 00:04:36]} Be4 {[%clk
01:14:09]} {[%emt 00:03:57]} 18. Bh4 {[%clk 01:14:47]} {[%emt 00:02:05]} Be5
{[%clk 01:10:44]} {[%emt 00:03:56]} 19. Rad1 {[%clk 01:11:45]} {[%emt
00:03:31]} Rfe8 {[%clk 01:07:15]} {[%emt 00:03:59]} 20. b3 {[%clk 01:04:11]}
{[%emt 00:08:04]} f6 {[%clk 01:03:18]} {[%emt 00:04:26]} 21. f3 {[%clk
01:00:57]} {[%emt 00:03:45]} Bg6 {[%clk 01:02:33]} {[%emt 00:01:15]} 22. g3
{[%clk 01:00:09]} {[%emt 00:01:19]} Bxd4+ {[%clk 01:02:12]} {[%emt 00:00:51]}
23. Kf1 {[%clk 00:58:42]} {[%emt 00:01:56]} Rxe1+ {[%clk 01:02:02]} {[%emt
00:00:41]} 24. Rxe1 {[%clk 00:58:42]} {[%emt 00:00:29]} Re8 {[%clk 01:01:42]}
{[%emt 00:00:49]} 25. Rd1 {[%clk 00:58:29]} {[%emt 00:00:44]} c5 {[%clk
01:00:58]} {[%emt 00:01:14]} 26. b4 {[%clk 00:58:12]} {[%emt 00:00:47]} b6
{[%clk 01:00:25]} {[%emt 00:01:03]} 27. bxc5 {[%clk 00:58:18]} {[%emt
00:00:24]} bxc5 {[%clk 01:00:33]} {[%emt 00:00:22]} 28. g4 {[%clk 00:58:34]}
{[%emt 00:00:16]} Re3 {[%clk 00:59:42]} {[%emt 00:01:20]} 29. Kg2 {[%clk
00:57:40]} {[%emt 00:01:23]} Re2+ {[%clk 00:58:25]} {[%emt 00:01:46]} 30. Kh1
{[%clk 00:56:59]} {[%emt 00:01:11]} Rxa2 {[%clk 00:58:01]} {[%emt 00:00:55]}
31. Bg3 {[%clk 00:52:34]} {[%emt 00:04:56]} Ra1 {[%clk 00:57:34]} {[%emt
00:00:57]} 32. Rxa1 {[%clk 00:51:33]} {[%emt 00:01:30]} Bxa1 {[%clk 00:57:51]}
{[%emt 00:00:12]} 33. Kg2 {[%clk 00:51:13]} {[%emt 00:00:51]} c4 {[%emt
00:01:00]} 34. Bf2 {[%emt 00:00:39]} a5 {[%clk 00:56:05]} {[%emt 00:00:38]} 35.
Kf1 {[%clk 00:51:22]} {[%emt 00:00:21]} c3 {[%clk 00:55:42]} {[%emt 00:00:53]}
36. Ke1 {[%clk 00:51:31]} {[%emt 00:00:21]} c2 {[%clk 00:55:38]} {[%emt
00:00:34]} 37. Be3 {[%clk 00:51:56]} {[%emt 00:00:05]} Bb2 {[%clk 00:55:36]}
{[%emt 00:00:31]} 38. Ke2 {[%clk 00:52:12]} {[%emt 00:00:13]} a4 {[%clk
00:55:55]} {[%emt 00:00:13]} 39. h4 {[%clk 00:51:31]} {[%emt 00:01:10]} a3
{[%clk 00:56:01]} {[%emt 00:00:24]} 40. h5 {[%clk 00:51:55]} {[%emt 00:00:06]}
a2 {[%clk 00:56:07]} {[%emt 00:00:24]} 41. hxg6 {[%clk 00:52:20]} {[%emt
00:00:04]} a1=Q {[%clk 00:56:18]} {[%emt 00:00:20]} 42. gxh7+ {[%clk 00:52:47]}
{[%emt 00:00:04]} Kxh7 {[%clk 00:56:34]} {[%emt 00:00:12]} 43. Kf2 {[%clk
00:53:01]} {[%emt 00:00:17]} Bd4 {[%clk 00:56:29]} {[%emt 00:00:35]} 44. Ke2
{[%clk 00:53:03]} {[%emt 00:00:28]} Bxe3 {[%clk 00:56:46]} {[%emt 00:00:12]}
45. Kxe3 {[%clk 00:53:29]} {[%emt 00:00:04]} c1=R {[%clk 00:57:05]} {[%emt
00:00:12]} 46. Kf4 {[%clk 00:53:38]} {[%emt 00:00:21]} Qd4+ {[%clk 00:57:15]}
{[%emt 00:00:19]} 47. Kg3 {[%clk 00:54:02]} {[%emt 00:00:06]} Rg1+ {[%clk
00:57:29]} {[%emt 00:00:16]} 48. Kh2 {[%clk 00:54:24]} {[%emt 00:00:09]} Qf2+
{[%clk 00:57:48]} {[%emt 00:00:11]} 49. Kh3 {[%clk 00:54:49]} {[%emt 00:00:05]}
Qg3# {[%clk 00:57:51]} {[%emt 00:00:25]} 0-1

[Event "ODJM C 2024"]
[Site "Willingen GER"]
[Date "2024.05.25"]
[Round "9"]
[White "Hempel, Christian"]
[Black "Ly, Lina"]
[Result "1-0"]
[Termination "normal"]
[Board "38"]
[WhiteElo "859"]
[BlackElo "863"]
[WhiteClock "01:21:41"]
[BlackClock "01:26:19"]
[PlyCount "53"]
[WhiteFideId "34660470"]
[BlackFideId "34625070"]
[EventCountry "GER"]
[EventRounds "9"]
[EventType "swiss"]
[EventDate "2024.05.18"]

1. d4 {[%clk 01:30:58]} {[%emt 00:00:01]} Nf6 {[%clk 01:30:56]} {[%emt
00:00:04]} 2. c4 {[%clk 01:31:17]} {[%emt 00:00:12]} c5 {[%clk 01:31:01]}
{[%emt 00:00:24]} 3. Nf3 {[%clk 01:31:11]} {[%emt 00:00:37]} cxd4 {[%clk
01:31:07]} {[%emt 00:00:24]} 4. Nxd4 {[%clk 01:31:00]} {[%emt 00:00:40]} e5
{[%clk 01:31:14]} {[%emt 00:00:23]} 5. Nf3 {[%clk 01:30:56]} {[%emt 00:00:34]}
Bc5 {[%clk 01:29:57]} {[%emt 00:01:47]} 6. Nc3 {[%clk 01:30:31]} {[%emt
00:00:56]} d6 {[%clk 01:29:36]} {[%emt 00:00:51]} 7. Bg5 {[%clk 01:30:31]}
{[%emt 00:00:30]} O-O {[%clk 01:28:57]} {[%emt 00:01:09]} 8. e4 {[%clk
01:30:04]} {[%emt 00:00:56]} h6 {[%clk 01:27:24]} {[%emt 00:02:03]} 9. Bxf6
{[%clk 01:29:36]} {[%emt 00:00:59]} Qxf6 {[%clk 01:27:45]} {[%emt 00:00:09]}
10. Bd3 {[%clk 01:26:59]} {[%emt 00:03:06]} Bg4 {[%clk 01:27:16]} {[%emt
00:00:59]} 11. Be2 {[%clk 01:26:38]} {[%emt 00:00:52]} a6 {[%clk 01:24:56]}
{[%emt 00:02:51]} 12. a3 {[%clk 01:26:16]} {[%emt 00:00:51]} a5 {[%clk
01:24:14]} {[%emt 00:01:11]} 13. Nd5 {[%clk 01:26:37]} {[%emt 00:00:10]} Qg6
{[%clk 01:23:54]} {[%emt 00:00:49]} 14. Ne7+ {[%clk 01:26:50]} {[%emt
00:00:18]} Kh7 {[%clk 01:23:59]} {[%emt 00:00:25]} 15. Nxg6 {[%clk 01:27:14]}
{[%emt 00:00:05]} Kxg6 {[%clk 01:24:21]} {[%emt 00:00:08]} 16. O-O {[%clk
01:27:02]} {[%emt 00:00:42]} Nc6 {[%clk 01:24:12]} {[%emt 00:00:40]} 17. b4
{[%clk 01:25:29]} {[%emt 00:02:03]} axb4 {[%clk 01:24:31]} {[%emt 00:00:10]}
18. axb4 {[%clk 01:25:37]} {[%emt 00:00:22]} Rxa1 {[%clk 01:24:54]} {[%emt
00:00:07]} 19. Qxa1 {[%clk 01:25:36]} {[%emt 00:00:32]} Bxb4 {[%clk 01:25:15]}
{[%emt 00:00:08]} 20. Qd1 {[%clk 01:22:33]} {[%emt 00:03:34]} Rd8 {[%clk
01:24:55]} {[%emt 00:00:50]} 21. Nh4+ {[%clk 01:21:57]} {[%emt 00:01:06]} Kh5
{[%clk 01:25:07]} {[%emt 00:00:17]} 22. Bxg4+ {[%clk 01:22:12]} {[%emt
00:00:15]} Kxh4 {[%clk 01:25:31]} {[%emt 00:00:06]} 23. Bf5 {[%clk 01:21:48]}
{[%emt 00:00:54]} h5 {[%clk 01:25:27]} {[%emt 00:00:33]} 24. g3+ {[%clk
01:22:07]} {[%emt 00:00:12]} Kg5 {[%clk 01:25:51]} {[%emt 00:00:06]} 25. h4+
{[%clk 01:21:24]} {[%emt 00:01:13]} Kh6 {[%clk 01:26:06]} {[%emt 00:00:15]} 26.
Qc1+ {[%clk 01:21:41]} {[%emt 00:00:13]} g5 {[%clk 01:26:19]} {[%emt 00:01:49]}
27. Qxg5# {[%emt 00:00:38]} 1-0

[Event "ODJM C 2024"]
[Site "Willingen GER"]
[Date "2024.05.25"]
[Round "9"]
[White "Hirtzel, Amelie Meiyan"]
[Black "Muhl, Justinus"]
[Result "0-1"]
[Termination "normal"]
[Board "41"]
[WhiteElo "811"]
[BlackElo "928"]
[WhiteClock "01:10:38"]
[BlackClock "01:17:09"]
[PlyCount "86"]
[WhiteFideId "533001898"]
[BlackFideId "34635190"]
[EventCountry "GER"]
[EventRounds "9"]
[EventType "swiss"]
[EventDate "2024.05.18"]

1. d4 {[%clk 01:30:57]} {[%emt 00:00:02]} d5 {[%clk 01:30:52]} {[%emt
00:00:09]} 2. Nf3 {[%clk 01:31:23]} {[%emt 00:00:03]} Bf5 {[%clk 01:31:03]}
{[%emt 00:00:19]} 3. Bf4 {[%clk 01:31:45]} {[%emt 00:00:09]} e6 {[%clk
01:31:09]} {[%emt 00:00:24]} 4. e3 {[%clk 01:32:07]} {[%emt 00:00:07]} Nf6
{[%clk 01:31:04]} {[%emt 00:00:36]} 5. Bd3 {[%clk 01:32:18]} {[%emt 00:00:19]}
Bg4 {[%clk 01:31:25]} {[%emt 00:00:09]} 6. Nbd2 {[%clk 01:32:31]} {[%emt
00:00:17]} Be7 {[%clk 01:30:51]} {[%emt 00:01:04]} 7. h3 {[%clk 01:32:50]}
{[%emt 00:00:10]} Bh5 {[%clk 01:31:12]} {[%emt 00:00:09]} 8. O-O {[%clk
01:33:08]} {[%emt 00:00:12]} Nbd7 {[%clk 01:30:09]} {[%emt 00:01:33]} 9. c4
{[%clk 01:33:08]} {[%emt 00:00:30]} c5 {[%clk 01:30:25]} {[%emt 00:00:13]} 10.
dxc5 {[%clk 01:32:40]} {[%emt 00:00:58]} Bxc5 {[%clk 01:30:40]} {[%emt
00:00:15]} 11. a3 {[%clk 01:32:11]} {[%emt 00:01:00]} Be7 {[%clk 01:27:34]}
{[%emt 00:03:36]} 12. Qc2 {[%clk 01:31:52]} {[%emt 00:00:49]} Rc8 {[%clk
01:27:25]} {[%emt 00:00:35]} 13. Rfe1 {[%clk 01:31:05]} {[%emt 00:01:20]} dxc4
{[%clk 01:25:28]} {[%emt 00:02:28]} 14. Bxc4 {[%clk 01:30:30]} {[%emt
00:01:05]} b5 {[%clk 01:25:36]} {[%emt 00:00:19]} 15. b3 {[%clk 01:28:57]}
{[%emt 00:02:06]} bxc4 {[%clk 01:26:00]} {[%emt 00:00:06]} 16. bxc4 {[%clk
01:29:40]} {[%emt 00:01:14]} O-O {[%clk 01:25:29]} {[%emt 00:01:22]} 17. Rab1
{[%clk 01:29:23]} {[%emt 00:00:47]} Bg6 {[%clk 01:25:47]} {[%emt 00:00:12]} 18.
Qa2 {[%clk 01:29:16]} {[%emt 00:00:36]} Bxb1 {[%clk 01:26:07]} {[%emt
00:00:10]} 19. Rxb1 {[%clk 01:29:36]} {[%emt 00:00:10]} Nc5 {[%clk 01:23:27]}
{[%emt 00:03:12]} 20. Ne1 {[%clk 01:28:01]} {[%emt 00:02:04]} Nce4 {[%clk
01:21:01]} {[%emt 00:02:55]} 21. Nxe4 {[%clk 01:27:25]} {[%emt 00:01:07]} Nxe4
{[%clk 01:21:07]} {[%emt 00:00:22]} 22. Qc2 {[%clk 01:26:21]} {[%emt 00:01:34]}
Nf6 {[%clk 01:19:49]} {[%emt 00:01:49]} 23. a4 {[%emt 00:07:41]} Qe8 {[%clk
01:17:33]} {[%emt 00:00:06]} 24. Nd3 {[%clk 01:20:10]} {[%emt 00:02:11]} Qc6
{[%clk 01:15:57]} {[%emt 00:02:04]} 25. Ne5 {[%clk 01:19:53]} {[%emt 00:00:48]}
Qe4 {[%clk 01:16:14]} {[%emt 00:00:12]} 26. Qa2 {[%clk 01:18:27]} {[%emt
00:01:57]} Bd6 {[%clk 01:16:24]} {[%emt 00:00:21]} 27. Nf3 {[%clk 01:17:44]}
{[%emt 00:01:12]} Bxf4 {[%clk 01:15:54]} {[%emt 00:01:00]} 28. exf4 {[%clk
01:17:31]} {[%emt 00:00:42]} Qxc4 {[%clk 01:16:06]} {[%emt 00:00:19]} 29. Qa3
{[%emt 00:02:24]} Rb8 {[%clk 01:14:55]} {[%emt 00:01:09]} 30. Rc1 {[%clk
01:14:00]} {[%emt 00:02:40]} Qb3 {[%clk 01:14:52]} {[%emt 00:00:33]} 31. Qa1
{[%clk 01:13:07]} {[%emt 00:01:22]} Qb2 {[%clk 01:15:15]} {[%emt 00:00:07]} 32.
Qxb2 {[%clk 01:12:47]} {[%emt 00:00:50]} Rxb2 {[%clk 01:15:35]} {[%emt
00:00:10]} 33. Kf1 {[%clk 01:12:58]} {[%emt 00:00:18]} Ne4 {[%clk 01:15:37]}
{[%emt 00:00:27]} 34. Ke1 {[%emt 00:03:20]} Nxf2 {[%clk 01:14:42]} {[%emt
00:00:05]} 35. Rc3 {[%clk 01:09:53]} {[%emt 00:02:08]} Ne4 {[%clk 01:14:44]}
{[%emt 00:00:28]} 36. Rc1 {[%clk 01:09:06]} {[%emt 00:01:16]} h6 {[%clk
01:15:05]} {[%emt 00:00:10]} 37. Kd1 {[%clk 01:09:17]} {[%emt 00:00:16]} Nf2+
{[%clk 01:15:20]} {[%emt 00:00:17]} 38. Ke1 {[%clk 01:09:30]} {[%emt 00:00:17]}
Nd3+ {[%clk 01:15:45]} {[%emt 00:00:06]} 39. Kd1 {[%clk 01:09:45]} {[%emt
00:00:15]} Nxc1 {[%clk 01:16:09]} {[%emt 00:00:06]} 40. Kxc1 {[%clk 01:10:07]}
{[%emt 00:00:07]} Rfb8 {[%clk 01:16:32]} {[%emt 00:00:08]} 41. Kd1 {[%clk
01:10:07]} {[%emt 00:00:30]} Rxg2 {[%clk 01:16:54]} {[%emt 00:00:08]} 42. Kc1
{[%clk 01:10:25]} {[%emt 00:00:13]} Rbb2 {[%clk 01:16:51]} {[%emt 00:00:32]}
43. Kd1 {[%clk 01:10:38]} {[%emt 00:00:16]} Rb1# {[%clk 01:17:09]} {[%emt
00:00:12]} 0-1

[Event "ODJM C 2024"]
[Site "Willingen GER"]
[Date "2024.05.25"]
[Round "9"]
[White "Rinke, Leonard"]
[Black "Bräutigam, Viktoria"]
[Result "1-0"]
[Termination "normal"]
[Board "42"]
[WhiteElo "906"]
[BlackElo "863"]
[WhiteClock "01:14:24"]
[BlackClock "00:34:00"]
[PlyCount "79"]
[WhiteFideId "34682155"]
[BlackFideId "34638652"]
[EventCountry "GER"]
[EventRounds "9"]
[EventType "swiss"]
[EventDate "2024.05.18"]

1. e4 {[%clk 01:30:58]} {[%emt 00:00:02]} e5 {[%clk 01:30:46]} {[%emt
00:00:14]} 2. Nf3 {[%clk 01:31:21]} {[%emt 00:00:07]} Nc6 {[%clk 01:31:04]}
{[%emt 00:00:12]} 3. Bb5 {[%clk 01:31:44]} {[%emt 00:00:07]} a6 {[%clk
01:30:06]} {[%emt 00:01:29]} 4. Bxc6 {[%clk 01:32:07]} {[%emt 00:00:05]} dxc6
{[%clk 01:30:24]} {[%emt 00:00:11]} 5. O-O {[%clk 01:32:22]} {[%emt 00:00:17]}
Nf6 {[%clk 01:29:47]} {[%emt 00:01:07]} 6. Nxe5 {[%clk 01:32:39]} {[%emt
00:00:13]} Nxe4 {[%clk 01:29:29]} {[%emt 00:00:46]} 7. Re1 {[%clk 01:32:55]}
{[%emt 00:00:15]} Nf6 {[%clk 01:29:33]} {[%emt 00:00:26]} 8. Nxc6+ {[%clk
01:33:19]} {[%emt 00:00:07]} Be7 {[%clk 01:28:53]} {[%emt 00:01:10]} 9. Nxd8
{[%clk 01:33:32]} {[%emt 00:00:17]} Kxd8 {[%clk 01:29:01]} {[%emt 00:00:20]}
10. Qe2 {[%clk 01:33:42]} {[%emt 00:00:16]} Re8 {[%clk 01:27:55]} {[%emt
00:01:40]} 11. Qd3+ {[%clk 01:33:42]} {[%emt 00:00:32]} Bd7 {[%clk 01:27:59]}
{[%emt 00:00:26]} 12. Qf3 {[%clk 01:33:56]} {[%emt 00:00:14]} Bc6 {[%clk
01:27:06]} {[%emt 00:01:25]} 13. Qg3 {[%clk 01:33:53]} {[%emt 00:00:32]} g6
{[%clk 01:26:49]} {[%emt 00:00:47]} 14. d4 {[%clk 01:33:45]} {[%emt 00:00:35]}
Kc8 {[%clk 01:18:10]} {[%emt 00:09:11]} 15. Qh3+ {[%clk 01:33:57]} {[%emt
00:00:20]} Bd7 {[%clk 01:18:10]} {[%emt 00:00:29]} 16. Qh6 {[%clk 01:34:12]}
{[%emt 00:00:14]} Kb8 {[%clk 01:13:33]} {[%emt 00:05:08]} 17. Bg5 {[%clk
01:31:38]} {[%emt 00:03:03]} Ka7 {[%clk 01:12:14]} {[%emt 00:01:50]} 18. Be3
{[%clk 01:31:44]} {[%emt 00:00:25]} Rac8 {[%clk 01:11:28]} {[%emt 00:01:15]}
19. d5+ {[%clk 01:31:54]} {[%emt 00:00:20]} Kb8 {[%clk 01:10:51]} {[%emt
00:01:07]} 20. Nc3 {[%clk 01:29:48]} {[%emt 00:02:26]} Ng4 {[%clk 01:10:01]}
{[%emt 00:01:29]} 21. Qf4 {[%clk 01:29:04]} {[%emt 00:01:09]} Bd6 {[%clk
01:09:11]} {[%emt 00:01:26]} 22. Qf3 {[%clk 01:27:50]} {[%emt 00:01:44]} Bxh2+
{[%clk 01:08:10]} {[%emt 00:01:30]} 23. Kh1 {[%clk 01:25:37]} {[%emt 00:02:43]}
f5 {[%clk 01:06:16]} {[%emt 00:02:25]} 24. a4 {[%clk 01:24:31]} {[%emt
00:01:35]} Bd6 {[%clk 01:06:00]} {[%emt 00:00:44]} 25. Bf4 {[%clk 01:23:49]}
{[%emt 00:01:16]} Bc5 {[%clk 00:59:03]} {[%emt 00:07:25]} 26. Rxe8 {[%clk
01:23:57]} {[%emt 00:00:23]} Nxf2+ {[%clk 00:58:20]} {[%emt 00:01:11]} 27. Kg1
{[%clk 01:23:06]} {[%emt 00:01:21]} Ng4+ {[%clk 00:56:47]} {[%emt 00:02:05]}
28. Kh1 {[%clk 01:21:59]} {[%emt 00:01:37]} Rxe8 {[%clk 00:56:59]} {[%emt
00:00:17]} 29. Qg3 {[%clk 01:20:42]} {[%emt 00:01:42]} Bf2 {[%clk 00:52:02]}
{[%emt 00:05:33]} 30. Bxc7+ {[%emt 00:01:46]} Ka8 {[%emt 00:00:22]} 31. Qd6
{[%clk 01:18:02]} {[%emt 00:00:59]} Bc8 {[%clk 00:41:38]} {[%emt 00:10:57]} 32.
Nb5 {[%clk 01:18:04]} {[%emt 00:00:22]} axb5 {[%clk 00:34:37]} {[%emt
00:07:34]} 33. axb5+ {[%clk 01:16:11]} {[%emt 00:02:27]} Ba7 {[%clk 00:34:49]}
{[%emt 00:00:18]} 34. b6 {[%clk 01:15:56]} {[%emt 00:00:44]} Nf2+ {[%clk
00:34:10]} {[%emt 00:01:08]} 35. Kg1 {[%clk 01:15:58]} {[%emt 00:00:28]} Re1+
{[%clk 00:33:54]} {[%emt 00:00:47]} 36. Rxe1 {[%clk 01:14:24]} {[%emt
00:02:05]} Ne4 {[%clk 00:34:00]} {[%emt 00:00:23]} 37. Qd8 {[%emt 00:05:06]}
Nc5 {[%emt 00:01:00]} 38. Qxc8+ Bb8 39. Ra1+ Na6 40. Qxb8# 1-0

[Event "ODJM C 2024"]
[Site "Willingen GER"]
[Date "2024.05.25"]
[Round "9"]
[White "Schmidt, Lina"]
[Black "Martens, Nele"]
[Result "1/2-1/2"]
[Termination "normal"]
[Board "43"]
[WhiteElo "746"]
[BlackElo "762"]
[WhiteClock "01:21:08"]
[BlackClock "00:56:50"]
[PlyCount "53"]
[WhiteFideId "34681493"]
[BlackFideId "533001952"]
[EventCountry "GER"]
[EventRounds "9"]
[EventType "swiss"]
[EventDate "2024.05.18"]

1. e4 {[%clk 01:30:59]} e6 {[%clk 01:30:53]} {[%emt 00:00:07]} 2. d4 {[%clk
01:31:03]} {[%emt 00:00:26]} d5 {[%clk 01:31:16]} {[%emt 00:00:07]} 3. exd5
{[%clk 01:31:23]} {[%emt 00:00:10]} exd5 {[%clk 01:31:29]} {[%emt 00:00:17]} 4.
Bb5+ {[%clk 01:31:29]} {[%emt 00:00:24]} Bd7 {[%clk 01:31:47]} {[%emt
00:00:12]} 5. Qe2+ {[%clk 01:31:41]} {[%emt 00:00:19]} Be7 {[%clk 01:32:27]}
{[%emt 00:01:28]} 6. Nc3 {[%clk 01:33:21]} {[%emt 00:00:36]} c6 {[%clk
01:32:36]} {[%emt 00:00:20]} 7. Bd3 {[%clk 01:33:01]} {[%emt 00:00:51]} Nf6
{[%clk 01:32:35]} {[%emt 00:00:31]} 8. Nf3 {[%clk 01:33:13]} {[%emt 00:00:18]}
Bg4 {[%clk 01:31:35]} {[%emt 00:01:29]} 9. Bg5 {[%clk 01:32:49]} {[%emt
00:00:55]} Qd6 {[%clk 01:30:54]} {[%emt 00:01:10]} 10. Qe3 {[%clk 01:30:25]}
{[%emt 00:02:55]} h6 {[%clk 01:28:34]} {[%emt 00:02:50]} 11. Bf4 {[%clk
01:30:35]} {[%emt 00:00:21]} Qd8 {[%clk 01:27:47]} {[%emt 00:01:17]} 12. Be2
{[%clk 01:26:47]} {[%emt 00:04:18]} O-O {[%clk 01:22:15]} {[%emt 00:06:01]} 13.
O-O {[%clk 01:26:58]} {[%emt 00:00:19]} Re8 {[%clk 01:19:36]} {[%emt 00:03:10]}
14. Qd2 {[%clk 01:25:19]} {[%emt 00:02:09]} Ne4 {[%clk 01:08:24]} {[%emt
00:11:42]} 15. Nxe4 {[%clk 01:25:17]} {[%emt 00:00:32]} dxe4 {[%clk 01:08:30]}
{[%emt 00:00:23]} 16. Ne5 {[%clk 01:24:52]} {[%emt 00:00:56]} Bxe2 {[%clk
01:07:16]} {[%emt 00:01:44]} 17. Qxe2 {[%clk 01:25:07]} {[%emt 00:00:14]} Qxd4
{[%clk 01:06:06]} {[%emt 00:01:42]} 18. c3 {[%clk 01:23:39]} {[%emt 00:01:58]}
Qd5 {[%clk 01:04:09]} {[%emt 00:02:25]} 19. Rad1 {[%clk 01:21:29]} {[%emt
00:02:40]} Qxa2 {[%clk 01:03:19]} {[%emt 00:01:20]} 20. Qc4 {[%clk 01:21:31]}
{[%emt 00:00:30]} Qxc4 {[%clk 01:03:21]} {[%emt 00:00:25]} 21. Nxc4 {[%clk
01:21:57]} {[%emt 00:00:06]} Rd8 {[%clk 01:02:25]} {[%emt 00:01:26]} 22. Nd2
{[%clk 01:21:21]} {[%emt 00:01:05]} f5 {[%clk 01:00:01]} {[%emt 00:02:54]} 23.
Be3 {[%clk 01:21:10]} {[%emt 00:00:43]} Nd7 {[%clk 00:59:17]} {[%emt 00:01:13]}
24. Ra1 {[%clk 01:21:19]} {[%emt 00:00:21]} Bc5 {[%clk 00:57:30]} {[%emt
00:02:16]} 25. Bxc5 {[%clk 01:21:35]} {[%emt 00:00:15]} Nxc5 {[%clk 00:57:21]}
{[%emt 00:00:38]} 26. b4 {[%clk 01:21:38]} {[%emt 00:00:30]} Ne6 {[%clk
00:56:50]} {[%emt 00:01:00]} 27. Rfd1 {[%clk 01:21:08]} {[%emt 00:01:00]}
1/2-1/2